Dopad dôchodkového systému na kvalitu života seniorov v Slovenskej republike bakalárska práca

Gespeichert in:
Bibliographische Detailangaben
1. Verfasser: Horváth, Mátyás
Körperschaft: Národohospodárska fakulta EU. Katedra sociálneho rozvoja a práce
Weitere Verfasser: Sika, Peter, 1975-
Format: Buch
Sprache:Slowakisch
Veröffentlicht: Bratislava 2021
Tags: Tag hinzufügen
Keine Tags, Fügen Sie das erste Tag hinzu!

MARC

LEADER 00000nbm a2200000 4500
001 0275238
005 20220121101641.7
041 0 |a slo 
044 |a SK 
245 1 0 |a Dopad dôchodkového systému na kvalitu života seniorov v Slovenskej republike  |b bakalárska práca  |c Mátyás Horváth ; školiteľ: Peter Sika 
264 1 |a Bratislava  |c 2021 
300 |a 48 s. 
100 1 |a Horváth, Mátyás 
700 1 |a Sika, Peter, 1975- 
710 2 |a Národohospodárska fakulta EU. Katedra sociálneho rozvoja a práce